Biotechnology, IPRs, and biodiversity (Record no. 944)

MARC details
000 -LEADER
fixed length control field 00853 a2200217 4500
008 - FIXED-LENGTH DATA ELEMENTS--GENERAL INFORMATION
fixed length control field 080821t xxu||||| |||| 00| 0 eng d
010 ## - LIBRARY OF CONGRESS CONTROL NUMBER
LC control number ENG-85046
020 ## - INTERNATIONAL STANDARD BOOK NUMBER
International Standard Book Number 8131701352
Terms of availability 600.00
035 ## - SYSTEM CONTROL NUMBER
System control number EN-68579
037 ## - SOURCE OF ACQUISITION
Source of stock number/acquisition D.B.Act / Pub
082 ## - DEWEY DECIMAL CLASSIFICATION NUMBER
Classification number 660.6
100 ## - MAIN ENTRY--PERSONAL NAME
Personal name Rao, M. B.
245 ## - TITLE STATEMENT
Title Biotechnology, IPRs, and biodiversity
Statement of responsibility, etc M.B. Rao, Manjula Guru.
260 ## - PUBLICATION, DISTRIBUTION, ETC. (IMPRINT)
Place of publication, distribution, etc New Delhi :
Name of publisher, distributor, etc Dorling Kindersley (India), licensees of Pearson Education in South Asia,
Date of publication, distribution, etc c2007.
300 ## - PHYSICAL DESCRIPTION
Extent xii, 229 p.
Dimensions 24 cm. (Hb)
500 ## - GENERAL NOTE
General note Includes bibliographical references and index
650 ## - SUBJECT ADDED ENTRY--TOPICAL TERM
Topical term or geographic name as entry element Biotechnology
700 ## - ADDED ENTRY--PERSONAL NAME
Personal name Guru, Manjula.
942 ## - ADDED ENTRY ELEMENTS (KOHA)
Institution code [OBSOLETE] dpl
Koha item type English Books
Call number prefix 660.6 / RAO
Source of classification or shelving scheme Dewey Decimal Classification
Classification part 660.6
Call number suffix RAO
Holdings
Withdrawn status Lost status Damaged status Not for loan Home library Current library Date acquired Cost, normal purchase price Total Checkouts Full call number Barcode Date last seen Uniform Resource Identifier Cost, replacement price Price effective from Koha item type
        D.B.Act.Division D.B.Act.Division 21/08/2008 600.00   660.6 RAO EN-68579 15/09/2008 1008 600.00 15/09/2008 English Books

© Delhi Public Library
Hit Counter
free hit counter